000 00739nam a2200217 a 4500
001 000012052
005 20240412074229.0
008 091104s2003 dr 000 j spa d
040 _aDO-SdBNP
_bspa
_cBNPHU
082 _aRD863.44
_bC957cue
100 1 _aCruz Paulino, Agustín
_96467
245 1 4 _aLos cuentos de Piringo /
_cAgustín Cruz Paulino ; prólogo Julián Morillo.
260 _aBonao, República Dominicana :
_bDiversos,
_c2003.
300 _a167 p. ;
_c21 cm.
500 _aIncluye datos biográficos del autor.
590 _aInventariado, 2019/VM
650 0 _aCuentos dominicanos
_9176
650 0 _aLiteratura dominicana.
_967
700 1 2 _aMorillo, Julián,
_epról.
_928495
910 _aValidado. Control de calidad MFF
999 _c11720
_d11720